Electronic documents in construction litigation (Record no. 83232)

MARC details
000 -LEADER
fixed length control field 00821cab a22001935a 4500
001 - CONTROL NUMBER
control field L153223
008 - FIXED-LENGTH DATA ELEMENTS--GENERAL INFORMATION
fixed length control field 110624s2011 xxk f 000 0 eng d
035 ## - SYSTEM CONTROL NUMBER
System control number (Sirsi) u153223
041 0# - LANGUAGE CODE
Language code of text/sound track or separate title eng
100 1# - MAIN ENTRY--PERSONAL NAME
Personal name Champion, Ronan
245 00 - TITLE STATEMENT
Title Electronic documents in construction litigation
Remainder of title lessons from experience
260 ## - PUBLICATION, DISTRIBUTION, ETC.
Date of publication, distribution, etc. 2011
490 #0 - SERIES STATEMENT
Series statement Construction Law Journal
Volume/sequential designation 27(4) 2011, 227-243(17)
520 ## - SUMMARY, ETC.
Summary, etc. Considers some of the likely consequences on trial preparation of working with documents that are predominantly in digital form. Construction claims; document management, electronic disclosure, electronic documents, litigation.
590 ## - LOCAL NOTE (RLIN)
Local note KA
651 #4 - SUBJECT ADDED ENTRY--GEOGRAPHIC NAME
Geographic name United Kingdom
Chronological subdivision
690 ## - LOCAL SUBJECT ADDED ENTRY--TOPICAL TERM (OCLC, RLIN)
Topical term or geographic name as entry element MANAGEMENT-DISPUTE AVOIDANCE, MANAGEMENT AND RESOLUTION-DISPUTE MANAGEMENT AND RESOLUTION-ARBITRATION
942 ## - ADDED ENTRY ELEMENTS (KOHA)
Suppress in OPAC 0
Holdings
Withdrawn status Lost status Source of classification or shelving scheme Damaged status Not for loan Home library Current library Shelving location Date acquired Total Checkouts Full call number Barcode Date last seen Copy number Price effective from Koha item type
    Dewey Decimal Classification     London London Journal article 24/06/2011   L153223 153223-1001 06/08/2019 1 06/08/2019 Journal article